00692nam a22001937a 4500003000400000005001700004008004100021020001500062040002900077100006900106245002800175250001200203260004500215300001100260650003800271942001500309952015700324999001700481OSt20250814125848.0250814b |||||||| |||| 00| 0 eng d a0471661805 cChuka University Library aKieso, E. Donald ,Weygandt J. Jerry and Warfield D. Terry921410 aIntermediate Accounting a11th ed aPalatino ,USAbJohn Wiley and Sonsc2005 a1331p. a1.Accounting.....Textbooks919691 2lcccBKn0 00102lcc40708LGLaCHKbPGcGENd2025-07-01eDonation from Books for Africal0oHF 5636 .K54 2005p28563/2025r2025-08-14 12:48:16t2w2025-08-14yBK c20483d20483